| 000 | 00352nam a22001217a 4500 | ||
|---|---|---|---|
| 082 | _a220 PRO | ||
| 100 |
_aAHSAN,MOHI UD DIN, _972379 |
||
| 245 | _aPR-SOF-1066-SMART CARD BASED ACCESS CONTROL SYSTEM | ||
| 260 |
_aISLAMABAD _bNUST COLLEGE OF EME _c2011 |
||
| 650 | _aDE-COMP-29 | ||
| 700 |
_aSUPERVISOR DR SHOAB A KHAN,WASI HAIDER _972380 |
||
| 942 | _cCR | ||
| 999 |
_c578437 _d578437 |
||